BIBLIOTHÈQUE DE LA MAISON DU MEXIQUE

Logo 1 Logo 2

Des os dans le désert (notice nᵒ 5032)

détails MARC
000 -Sello discográfico
campo de control de longitud fija 01607nam0a2200385 4500
005 - Identificación de versión
campo de control 20251016083951.0
010 ## - Número Estándar Internacional de Libros (ISBN)
Número (ISBN) 978-2-914834-27-8
035 ## - Otros números de control del sistema
Número de control del sistema 33403
099 ## - fechas locales
Tipo de ítem Koha LIBRO
100 ## - Datos de procesamiento general
Datos de procesamiento general 20110919d2007 m y0spay5003 ba
101 1# - Idioma del recurso
Idioma del texto, banda sonora, etc. Francés
Idioma de la obra original Español; Castellano
105 ## - Campo de datos codificados: Material textual, monográfico
Datos codificados de monografía y 001zy
200 1# - Título y mención de responsabilidad
Título propio Des os dans le désert
Designación general del material texto impreso
Primer mención de responsabilidad Sergio González Rodríguez
Declaración de responsabilidad subsiguiente traducción Isabelle Gugnon
-- préface Vincent Raynaud
210 ## - Publicación, distribución, etc.
Lugar de publicación, distribución, etc. Paris
Nombre del editor, distribuidor, etc. Editions Passage de Nord-ouest
Fecha de publicación, distribución, etc. 2007
215 ## - Descripción física
Designación de material específico y extensión del ítem 377 p
Dimensiones 19 cm
300 ## - Notas generales
Texto de la nota Traducción de : Huesos en el desierto
318 ## - Nota de acción
Acción No se presta a domicilio
345 ## - Nota de información de adquisición
Fuente de adquisición/dirección de la suscripción [OBSOLETO] Donación 'Salon du Livre 2009'
606 ## - Término temático usado como materia
Elemento de entrada Asesinato
Subdivisión geográfica Ciudad Juárez, Chihuahua (México)
Número Koha 2933
606 ## - Término temático usado como materia
Elemento de entrada Asesinatos en serie
Subdivisión geográfica Ciudad Juárez, Chihuahua (México)
Número Koha 2934
606 ## - Término temático usado como materia
Elemento de entrada Delitos contra la mujer
Subdivisión geográfica Ciudad Juárez, Chihuahua (México)
Número Koha 2935
606 ## - Término temático usado como materia
Elemento de entrada Delitos
Subdivisión geográfica Ciudad Juárez, Chihuahua (México)
Número Koha 2936
606 ## - Término temático usado como materia
Elemento de entrada Víctimas de abuso sexual
Subdivisión geográfica Ciudad Juárez, Chihuahua (México)
Número Koha 2937
606 ## - Término temático usado como materia
Elemento de entrada Víctimas de delito
Subdivisión geográfica Ciudad Juárez, Chihuahua (México)
Número Koha 2938
700 ## - Nombre personal - Responsabilidad primaria
Elemento de entrada González Rodríguez
Parte del nombre distinta del elemento de entrada Sergio
Fechas 1950-
Número Koha 2939
702 ## - Nombre personal - Responsabilidad secundaria
Elemento de entrada Gugnon
Parte del nombre distinta del elemento de entrada Isabelle
Número Koha 9835
702 ## - Nombre personal - Responsabilidad secundaria
Elemento de entrada Raynaud
Parte del nombre distinta del elemento de entrada Vincent
Número Koha 9836
801 #0 - Fuente de origen
País FR
Agencia cm
Reglas de catalogación (convenciones descriptivas) AFNOR
900 ## -
-- 1/20491
942 ## - ELEMENTOS DE ENTRADA SECUNDARIOS (KOHA)
Tipo de ítem Koha Livre
996 ## -
-- MEX
-- 751145101
-- MMAG
-- 000377
-- 364.152 G643O
-- 20110919LIV
996 ## -
-- MEX
-- 751145101
-- MMAG
-- 003144
-- R364.152 G643O
-- 20201009LIV
Exemplaires
Estatus retirado Estado de daño Estado de pérdida Fecha de adquisición Biblioteca de origen Biblioteca actual Ubicación en estantería Código de barras Precio de reemplazo Signatura topográfica completa No para préstamo Tipo de ítem Koha Nota pública Nota no pública
      05/08/2025 Casa México Paris Casa México Paris   000377 05/08/2025 364.152 G643O No se presta a domicilio Livre 20110919LIV 751145101